000 01070nam a22003011 4500
001 25318
003 BD-RjUL
005 20211209050849.0
008 140318s1967 mauabcj 001 0beng
035 _a(BD-RjUL)25387
040 _aDLC
_cDLC
_dDLC
_dBD-RjUL
_beng
041 _aeng
082 0 0 _a941.080924
_219
_bCHW V-2 1967
100 1 _aChurchill, Randolph S.
_q(Randolph Spencer),
_d1911-1968.
_977846
245 0 0 _aWinston S. Churchill /
_cRandolph S. Churchill.
_nVOLUME II
_pYoung statesman, 1901-1914.
260 _aBoston :
_bHoughton Mifflin,
_cc1967.
300 _axxix, 775 p. :
_bill., geneal. tables, maps, ports. ;
_c24 cm.
350 _a$15.00 (v. 3)
504 _aIncludes index.
600 1 0 _aChurchill, Winston,
_d1874-1965.
_951096
610 2 0 _aConservative Party (Great Britain)
_977851
650 0 _aPrime ministers
_zGreat Britain
_xBiography.
_975074
651 0 _aGreat Britain
_xPolitics and government
_y20th century.
_95828
700 1 _aGilbert, Martin,
_d1936-
_977848
942 _2ddc
_cBK
999 _c25318
_d25318